| 000 | 00500nam a2200181 a 4500 | ||
|---|---|---|---|
| 001 | 2184 | ||
| 003 | CDMR | ||
| 005 | 20130320111202.0 | ||
| 008 | 130130s1988||||||||||||||||||||||||||||d | ||
| 020 | _a8450570514 | ||
| 040 |
_aCDMR _bcat _cCPC GIRONA |
||
| 100 | 1 |
_9417 _aGuillamet, Jaume |
|
| 245 | 1 | 3 |
_aLa premsa a Catalunya _cJaume Guillamet |
| 260 |
_bDiputació de Barcelona _aBarcelona |
||
| 260 |
_c1988 _bCol·legi de Periodistes de Catalunya |
||
| 490 | 0 |
_aVaixells de Paper _v1 |
|
| 942 |
_cMON _2udc |
||
| 999 |
_c2184 _d2184 |
||